Đánh giá diễn biến chất lượng nước mặt tại một số điểm trên sông, rạch chính ở thành phố Cần Thơ : Luận văn tốt nghiệp Cao học. Chuyên ngành Khoa học môi trường
Biên hội một số thông số chất lượng nước mặt tại một số điểm trên các sông, rạch chính thành phố Cần Thơ nhằm xác định được diễn biến chất lượng môi trường nước mặt từ năm 2010-2015...
محفوظ في:
| المؤلف الرئيسي: | |
|---|---|
| التنسيق: | كتاب |
| اللغة: | Undetermined |
| منشور في: |
Cần Thơ
Trường Đại học Cần Thơ
2016
|
| الموضوعات: | |
| الوسوم: |
إضافة وسم
لا توجد وسوم, كن أول من يضع وسما على هذه التسجيلة!
|
| Thư viện lưu trữ: | Trung tâm Học liệu Trường Đại học Cần Thơ |
|---|
| LEADER | 01289nam a2200229Ia 4500 | ||
|---|---|---|---|
| 001 | CTU_216581 | ||
| 008 | 210402s9999 xx 000 0 und d | ||
| 082 | |a 363.7394 | ||
| 082 | |b Th108 | ||
| 088 | |a 60440301 | ||
| 100 | |a Nguyễn, Thị Bích Thảo | ||
| 245 | 0 | |a Đánh giá diễn biến chất lượng nước mặt tại một số điểm trên sông, rạch chính ở thành phố Cần Thơ : | |
| 245 | 0 | |b Luận văn tốt nghiệp Cao học. Chuyên ngành Khoa học môi trường | |
| 245 | 0 | |c Nguyễn Thị Bích Thảo ; Bùi Thị Nga (Cán bộ hướng dẫn) | |
| 260 | |a Cần Thơ | ||
| 260 | |b Trường Đại học Cần Thơ | ||
| 260 | |c 2016 | ||
| 520 | |a Biên hội một số thông số chất lượng nước mặt tại một số điểm trên các sông, rạch chính thành phố Cần Thơ nhằm xác định được diễn biến chất lượng môi trường nước mặt từ năm 2010-2015 | ||
| 650 | |a Chất lượng nước,Nước,Water quality,Water | ||
| 650 | |x Ô nhiễm,Pollution | ||
| 904 | |i Yến,Hải | ||
| 980 | |a Trung tâm Học liệu Trường Đại học Cần Thơ | ||